000 00821cam a2200277 a 4500
001 11997
003 BD-RjUL
005 20211208235222.0
008 140127r19791974enka b 001 0 eng d
020 _a0521203813
020 _a052109836X (pbk.)
035 _a(BD-RjUL)12046
040 _aLC
_beng
_cLC
_dABN:1
_dBD-RjUL
041 _aeng
082 0 4 _a519.5024574
_220
_bCAS 1979
100 1 _aCampbell, R. C.
_q(Richard Colin)
_937114
245 1 0 _aStatistics for biologists /
_cby R.C. Campbell.
250 _a2nd ed.
260 _aLondon ;
_aNew York :
_bCambridge University Press,
_c1974 [reprinted 1979].
300 _axii, 385 p. :
_bill. ;
_c22 cm.
504 _aBibliography: p. 341-342 and index.
650 0 _aBiometry.
_937189
942 _2ddc
_cBK
999 _c11997
_d11997